| 000 | 00813nas a2200253 4500 | ||
|---|---|---|---|
| 001 | BR9509875 | ||
| 003 | BR-BrBNA | ||
| 005 | 20231205095534.0 | ||
| 007 | ta | ||
| 008 | 230509b bl.|||p| |||| 00| 00por d | ||
| 040 |
_aBR-BrBNA _bpor _cBiblioteca Nacional de Agricultura |
||
| 041 | _a(Pt) | ||
| 072 | _aH10 | ||
| 100 | 1 | _aMoraes, L.A.H. dePorto, O. de M. | |
| 100 | 1 | _aBraun, J. | |
| 245 | 1 | _aEfeito de tres doses de enxofre na populacao do "acaro da falsa ferrugem" Phyllocoptruta oleivora (Ashmead, 1879)(Acari, Eriophyidae)em citrus | |
| 650 | _aFruta Citrica | ||
| 650 | _aAcaro | ||
| 650 | _aEnxofre | ||
| 650 | _aControle Quimico | ||
| 773 | 0 |
_tPesquisa Agropecuaria Gaucha (Brazil) _x _g(1995), v. 1(1) p. 17-20 _wBR9509875 |
|
| 909 |
_a202311 _bLúcia _c55 _dLúcia Elande |
||
| 942 |
_2AGRIS _n0 _cANA |
||
| 999 |
_c151265 _d151265 |
||